Cato : or, an essay on old-age. By Marcus Tullius Cicero. With remarks.

Bibliographic Details
Main Author: Cicero, Marcus Tullius
Format: eBook
Language:English
Series:Eighteenth century collections online.
Online Access:Full text online

MARC

Tag First Indicator Second Indicator Subfields
LEADER 00000cam a2200000 4500
001 in00001936070
006 m | d |
007 cr |n||||||||n
008 820313s1774 ie |||| s 00||||eng d
005 20260406220933.0
035 |a (CStRLIN)ESTCT138911 
040 |a Uk-ES  |c Uk-ES  |d CStRLIN  |d Thomson Gale  |d UtOrBLW 
100 1 |a Cicero, Marcus Tullius. 
240 1 0 |a Cato maior de senectute.  |l English 
245 1 0 |a Cato :  |b or, an essay on old-age. By Marcus Tullius Cicero. With remarks. 
264 3 |a Dublin :  |b printed by R. Marchbank, for R. Moncrieffe,  |c 1774. 
300 |a 4 unnumbered pages, 307, 1 unnumbered page ;  |c 12⁰. 
336 |a text  |b txt  |2 rdacontent 
337 |a computer  |b c  |2 rdamedia 
338 |a online resource  |b cr  |2 rdacarrier 
500 |a Translated by William Melmoth. 
500 |a Reproduction of original from the British Library. 
510 4 |a English Short Title Catalog,  |c ESTCT138911. 
533 |a Electronic reproduction.  |b Farmington Hills, Mich. :  |c Thomson Gale,  |d 2003.  |n Available via the World Wide Web.  |n Access limited by licensing agreements  |7 s2003 miunns 
500 |a Electronic resource. 
830 0 |a Eighteenth century collections online. 
856 4 0 |u http://proxy.library.tamu.edu/login?url=https://galenet.galegroup.com/servlet/ECCO?c=1&stp=Author&ste=11&af=BN&ae=T138911&tiPG=1&dd=0&dc=flc&docNum=CW112737375&vrsn=1.0&srchtp=a&d4=0.33&n=10&SU=0LRK&locID=txshracd2898  |z Full text online  |t 0 
999 |a MARS 
999 f f |s 1ea4d3fc-3106-318c-88de-2d67dff181a2  |i 201a1a23-e002-3b70-99e2-aa10906d0f4e  |t 0 
952 f f |a Texas A&M University  |b College Station  |c Electronic Resources  |s www_evans  |d Available Online  |t 0  |h No information provided 
998 f f |t 0  |l Available Online